Loading...
History - European History | 0 | 7 | 0 | 0 | 70 | 61 | 83.43 | 2 | 5 |
History - World History | 0 | 5 | 0 | 2 | 50 | 81 | 112.40 | 0 | 3 |
History - American History | 0 | 5 | 0 | 0 | 50 | 31 | 65.60 | 1 | 3 |
History - Other History | 0 | 3 | 0 | 0 | 30 | 76 | 89.67 | 0 | 3 |
Philosophy | 0 | 3 | 0 | 1 | 30 | 92 | 111.00 | 2 | 3 |
Mythology | 0 | 3 | 1 | 0 | 25 | 65 | 100.67 | 0 | 2 |
Social Science | 0 | 2 | 0 | 0 | 20 | 80 | 80.50 | 1 | 2 |
Literature - American Literature | 0 | 2 | 0 | 0 | 20 | 93 | 106.50 | 1 | 1 |
Literature - British Literature | 0 | 2 | 0 | 0 | 20 | 96 | 115.50 | 2 | 2 |
Literature - European Literature | 0 | 2 | 0 | 0 | 20 | 97 | 113.00 | 1 | 2 |
Literature - World Literature | 0 | 2 | 0 | 0 | 20 | 89 | 98.50 | 1 | 2 |
Other | 0 | 1 | 0 | 0 | 10 | 77 | 77.00 | 0 | 1 |
Science - Other Science | 0 | 1 | 0 | 0 | 10 | 71 | 71.00 | 1 | 1 |
Fine Arts - Other Fine Arts | 0 | 1 | 0 | 0 | 10 | 113 | 113.00 | 0 | 1 |